000
00312nam a22001337a 4500
008
171005b xxu||||| |||| 00| 0 eng d
020
_a
9780121012656
041
_a
eng
080
_2
6TH
_a
159.9
100
_a
49
101
_a
PSI
245
_a
HANDBOOK OF THE PSYCHOLOGY OF AGING
_c
BIRREN,J,E
942
_2
udc
_c
BK
999
_c
32002
_d
32002